| 000 | 00608nam a2200193 4500 | ||
|---|---|---|---|
| 001 | 148020 | ||
| 003 | ES-MaACL | ||
| 005 | 20251017063104.0 | ||
| 007 | t| | ||
| 008 | 070214s1949 ag r ||||1| spa d | ||
| 100 | 1 |
_aSpranger, Eduard, _d1882-1963 _9107790 |
|
| 245 | 1 | 3 |
_aLa experiencia de la vida / _cEduard Spranger ; traducción de José Rovira Armengol. |
| 260 |
_aBuenos Aires : _bRealidad, _c1949. |
||
| 300 |
_a108 p. ; _c19 cm. |
||
| 700 | 1 |
_aRovira Armengol, José. _9100141 |
|
| 852 |
_aES-MaACL _jD-6052 _bR.29516 |
||
| 852 |
_aES-MaACL _jD-6070 _bR.29777 |
||
| 999 |
_c148020 _d148020 |
||